000 00404 a2200169 4500
001 71412
020 _a9788537701607
040 _cAnchieta - Colégio São Paulo
100 _aGuedes, Luis Roberto
240 1 0 _aO caçador do arco-íris
_lpor
245 1 0 _aO caçador do arco-íris
300 _a127
362 0 _a2007
440 1 _aEscala Educacional
650 4 _aLiteratura juvenil
942 _cBK
999 _c71412
_d71412